[Event "Irkutsk-ch otbor"]
[Site "Irkutsk"]
[Date "2013.12.12"]
[Round "8"]
[White "Kopylov, Oleg"]
[Black "Ladyzhinsky, Igor"]
[Result "1-0"]
[WhiteElo "1951"]
[BlackElo "1901"]
[PlyCount "45"]
[EventDate "2013.11.17"]
[EventType "swiss"]
[EventRounds "9"]
[EventCountry "RUS"]
[SourceTitle "EXT 2016"]
[Source "ChessBase"]
[SourceDate "2015.10.08"]
[SourceVersion "1"]
[SourceVersionDate "2015.10.08"]
[SourceQuality "1"]

1. d4 d5 2. c4 Bf5 3. cxd5 Bxb1 4. Rxb1 Qxd5 5. b3 e5 6. Nf3 Nc6 7. e3 0-0-0 8. Bc4 Qa5+ 9. Bd2 Bb4 10. d5 e4 11. a3 Bxd2+ 12. Nxd2 Ne5 13. 0-0 f5 14. Qc2 Nf6 15. b4 Qb6 16. a4 Nxd5 17. a5 Qd6 18. Rfd1 Ng4 19. Nf1 Ngf6 20. b5 Qc5 21. Rdc1 Kb8 22. Qb3 Rd6 23. Be2 1-0

[Event "Irkutsk-ch sf"]
[Site "Irkutsk"]
[Date "2012.01.29"]
[Round "7"]
[White "Kopylov, Oleg"]
[Black "Ryzhkin, Vladimir"]
[Result "1-0"]
[WhiteElo "1989"]
[BlackElo "1475"]
[PlyCount "75"]
[EventDate "2012.01.21"]
[EventType "swiss"]
[EventRounds "9"]
[EventCountry "RUS"]
[SourceTitle "CBM 146 Extra"]
[Source "ChessBase"]
[SourceDate "2012.02.29"]
[SourceVersion "1"]
[SourceVersionDate "2012.02.29"]
[SourceQuality "1"]

1. d4 d5 2. c4 c6 3. Nc3 a6 4. a4 Nf6 5. Nf3 e6 6. Bg5 Be7 7. e3 0-0 8. Bd3 Bb4 9. Qc2 Nbd7 10. Bxh7+ Kh8 11. Bd3 Bd6 12. c5 Bc7 13. e4 Ba5 14. e5 Bc7 15. exf6 gxf6 16. Bh4 Kg7 17. 0-0 Rh8 18. Rae1 Rh6 19. b4 Qh8 20. Bg3 Bd8 21. Bd6 Nf8 22. Re3 Ng6 23. Rfe1 Bd7 24. Bxg6 Rxg6 25. Rxe6 Bxe6 26. Ne2 Rxg2+ 27. Kxg2 Qh3+ 28. Kg1 Qxf3 29. Nf4 Qg4+ 30. Kf1 Bf5 31. Qb3 Bg6 32. Re3 f5 33. Rg3 Qh4 34. Qf3 Bf6 35. Nh5+ Kh8 36. Nxf6 Qxd4 37. Rxg6 fxg6 38. Qh3+ 1-0

[Event "Irkutsk-ch sf"]
[Site "Irkutsk"]
[Date "2012.01.25"]
[Round "4"]
[White "Ivakin, Valery"]
[Black "Kopylov, Oleg"]
[Result "1-0"]
[WhiteElo "1849"]
[BlackElo "1989"]
[PlyCount "63"]
[EventDate "2012.01.21"]
[EventType "swiss"]
[EventRounds "9"]
[EventCountry "RUS"]
[SourceTitle "CBM 146 Extra"]
[Source "ChessBase"]
[SourceDate "2012.02.29"]
[SourceVersion "1"]
[SourceVersionDate "2012.02.29"]
[SourceQuality "1"]

1. d4 Nf6 2. c4 e6 3. Nc3 Bb4 4. Qc2 b6 5. Bd2 Bb7 6. Nf3 0-0 7. a3 Bxc3 8. Bxc3 Ne4 9. Nd2 f5 10. Nxe4 Bxe4 11. Qd2 d6 12. f3 Bb7 13. e3 Nd7 14. Bd3 Qe7 15. 0-0-0 Rae8 16. e4 fxe4 17. fxe4 e5 18. d5 Nc5 19. Bc2 Rf4 20. Rde1 Ref8 21. b4 Nd7 22. g3 R4f7 23. Bd1 Nf6 24. g4 Bc8 25. g5 Ng4 26. Bxg4 Bxg4 27. h4 Rf2 28. Qd3 Ra2 29. Rhf1 Rxf1 30. Qxf1 Rxa3 31. Kb2 Ra6 32. b5 1-0

[Event "Irkutsk-ch"]
[Site "Irkutsk"]
[Date "2011.12.10"]
[Round "7"]
[White "Sechkin, Mikhail"]
[Black "Kopylov, Oleg"]
[Result "0-1"]
[WhiteElo "1788"]
[BlackElo "1992"]
[PlyCount "74"]
[EventDate "2011.12.03"]
[EventType "swiss"]
[EventRounds "9"]
[EventCountry "RUS"]
[SourceTitle "CBM 146 Extra"]
[Source "ChessBase"]
[SourceDate "2012.02.29"]
[SourceVersion "1"]
[SourceVersionDate "2012.02.29"]
[SourceQuality "1"]

1. d4 Nf6 2. Nf3 e6 3. c4 b6 4. Bg5 Bb7 5. Nc3 Bb4 6. e3 h6 7. Bxf6 Qxf6 8. Be2 Bxc3+ 9. bxc3 d6 10. Qc2 Nd7 11. Rb1 0-0 12. 0-0 e5 13. Nd2 Qe7 14. Bf3 Bxf3 15. Nxf3 f5 16. a4 a5 17. Rfe1 Rae8 18. e4 f4 19. Nd2 g5 20. f3 Qe6 21. Kh1 Rf7 22. d5 Qg6 23. Rg1 Kf8 24. g4 fxg3 25. hxg3 Ke7 26. g4 h5 27. Rg3 hxg4 28. Rxg4 Rh8+ 29. Kg1 Nf6 30. Rg2 Qh6 31. Kf2 g4 32. Rbg1 gxf3 33. Nxf3 Qf4 34. Ke2 Nxe4 35. Qd3 Rh3 36. Rf1 Ng3+ 37. Rxg3 Rxg3 0-1

[Event "Irkutsk-ch op"]
[Site "Irkutsk"]
[Date "2011.04.20"]
[Round "5"]
[White "Kuznetsov, Vladimir1111"]
[Black "Kopylov, Oleg"]
[Result "0-1"]
[WhiteElo "1987"]
[BlackElo "1992"]
[PlyCount "150"]
[EventDate "2011.04.16"]
[EventType "swiss"]
[EventRounds "9"]
[EventCountry "RUS"]
[SourceTitle "EXT 2013"]
[Source "ChessBase"]
[SourceDate "2012.11.22"]
[SourceVersion "1"]
[SourceVersionDate "2012.11.22"]
[SourceQuality "1"]

1. e4 c5 2. Nf3 e6 3. d4 cxd4 4. Nxd4 Nf6 5. Nc3 Nc6 6. Be3 Bb4 7. Bd3 d5 8. Nxc6 bxc6 9. exd5 cxd5 10. Bd2 0-0 11. 0-0 Rb8 12. a3 Be7 13. b4 e5 14. Re1 e4 15. Bf1 Bg4 16. Qc1 Qd7 17. Bf4 Bd6 18. Bxd6 Qxd6 19. Nb5 Qd7 20. Nd4 Ne8 21. c4 dxc4 22. Qxc4 Rc8 23. Nc6 Qxc6 24. Qxe4 Qxe4 25. Rxe4 Be6 26. b5 Nd6 27. Ra4 Bc4 28. Rxa7 Nxb5 29. Ra5 Nd6 30. a4 Bxf1 31. Kxf1 Rfe8 32. Rd5 Nc4 33. a5 Re5 34. Rxe5 Nxe5 35. a6 Kf8 36. h3 Ra8 37. Ke2 Ke7 38. Ke3 Nc6 39. Ra4 Kd6 40. Rg4 g6 41. Rh4 h5 42. Rf4 Rxa6 43. Rxf7 Ke6 44. Rf8 Ne7 45. Kf4 Ra5 46. g4 g5+ 47. Ke4 Ra4+ 48. Kf3 h4 49. Kg2 Ra5 50. f4 Ng6 51. f5+ Ke7 52. Rg8 Nf4+ 53. Kf3 Nxh3 54. Rg7+ Kf6 55. Rg6+ Kf7 56. Ke4 Ra4+ 57. Ke5 Rxg4 58. Rf6+ Kg7 59. Rg6+ Kh7 60. Ra6 Nf4 61. Ra7+ Kh6 62. Ra6+ Kh5 63. Ra7 Nd3+ 64. Kf6 Rg3 65. Kg7 Rf3 66. f6 Ne5 67. Ra5 Rf5 68. Ra4 h3 69. Ra8 g4 70. Rh8+ Kg5 71. Rh6 Kf4 72. Rh4 Kg3 73. Rh6 h2 74. Kg8 Kg2 75. f7 Nxf7 0-1

[Event "Irkutsk-ch op"]
[Site "Irkutsk"]
[Date "2011.04.19"]
[Round "4"]
[White "Kopylov, Oleg"]
[Black "Iskhakov, Artem"]
[Result "1-0"]
[WhiteElo "1992"]
[BlackElo "1964"]
[PlyCount "115"]
[EventDate "2011.04.16"]
[EventType "swiss"]
[EventRounds "9"]
[EventCountry "RUS"]
[SourceTitle "EXT 2013"]
[Source "ChessBase"]
[SourceDate "2012.11.22"]
[SourceVersion "1"]
[SourceVersionDate "2012.11.22"]
[SourceQuality "1"]

1. e4 c5 2. Nf3 d6 3. d4 cxd4 4. Nxd4 Nf6 5. Nc3 g6 6. Bc4 Bg7 7. Be3 a6 8. Qd2 Ng4 9. Bg5 h6 10. Bh4 Nc6 11. Nce2 Qc7 12. Bb3 Na5 13. h3 Nxb3 14. cxb3 Nf6 15. Nc3 Bd7 16. 0-0 Qa5 17. f3 g5 18. Bf2 0-0 19. g4 Rac8 20. Rad1 b5 21. Nd5 Qd8 22. Ne3 e6 23. Rfe1 Bc6 24. Nxc6 Rxc6 25. Nc2 a5 26. Nd4 Ra6 27. Nxb5 d5 28. Nc3 Qa8 29. exd5 exd5 30. Nb5 Qb7 31. Nd4 Rd8 32. Kg2 Qb4 33. Qc2 Qb7 34. Rc1 Rd7 35. Nf5 Bf8 36. Bd4 Qb8 37. Qc8 Qxc8 38. Rxc8 Nh7 39. Ree8 f6 40. Nxh6+ Kg7 41. Nf5+ Kf7 42. Ra8 Rc6 43. Re2 Bc5 44. Rxa5 Bb4 45. Rb5 Bd6 46. Rxd5 Nf8 47. Nxd6+ Rcxd6 48. Rxd6 Rxd6 49. Bc5 Ra6 50. Bxf8 Kxf8 51. a4 Rb6 52. Re3 Rc6 53. a5 Rc2+ 54. Kg3 Rxb2 55. a6 Kf7 56. Rc3 Kg6 57. Rc1 Ra2 58. Rc6 1-0

[Event "Irkutsk Veda op"]
[Site "Irkutsk"]
[Date "2010.08.19"]
[Round "5"]
[White "Kopylov, Oleg"]
[Black "Obolenskikh, Dmitry Aleksandrovi"]
[Result "0-1"]
[WhiteElo "2006"]
[BlackElo "2435"]
[PlyCount "106"]
[EventDate "2010.08.15"]
[EventType "swiss"]
[EventRounds "9"]
[EventCountry "RUS"]
[SourceTitle "CBM 138 Extra"]
[Source "ChessBase"]
[SourceDate "2010.10.29"]
[SourceVersion "1"]
[SourceVersionDate "2010.10.29"]
[SourceQuality "1"]

1. d4 Nf6 2. c4 g6 3. Nc3 Bg7 4. e4 0-0 5. e5 Ne8 6. f4 d6 7. Nf3 dxe5 8. fxe5 Bg4 9. Be2 c5 10. dxc5 Qa5 11. Qd4 Bf5 12. 0-0 Nc7 13. b4 Qxb4 14. Rb1 Bxb1 15. a3 Qa5 16. Nxb1 Ne6 17. Qb2 Qxc5+ 18. Kh1 Nc6 19. Bd2 Nxe5 20. Qxb7 Rab8 21. Qe4 Nxf3 22. Bxf3 Ng5 23. Qd5 Qxd5 24. Bxd5 Ne6 25. Bb4 Bf6 26. Nd2 Nc7 27. Ne4 Nxd5 28. cxd5 Rfc8 29. d6 Rc4 30. Nxf6+ exf6 31. h3 Kg7 32. Ba5 Rb7 33. Bd8 f5 34. Rd1 Rd7 35. Be7 Re4 36. Rc1 Rexe7 37. dxe7 Rxe7 38. Rc4 Re4 39. Rc7 Ra4 40. Rc3 f4 41. Kg1 g5 42. Kf2 Kg6 43. Kf3 h5 44. Rd3 f5 45. Kf2 Kf6 46. Rd6+ Ke5 47. Rd3 Ke4 48. Rc3 g4 49. g3 fxg3+ 50. Kxg3 f4+ 51. Kf2 g3+ 52. Kg2 Rd4 53. h4 Rd2+ 0-1

[Event "Irkutsk Veda op"]
[Site "Irkutsk"]
[Date "2010.08.17"]
[Round "3"]
[White "Kopylov, Oleg"]
[Black "Makarov, Alexey"]
[Result "1-0"]
[WhiteElo "2006"]
[BlackElo "1775"]
[PlyCount "45"]
[EventDate "2010.08.15"]
[EventType "swiss"]
[EventRounds "9"]
[EventCountry "RUS"]
[SourceTitle "CBM 138 Extra"]
[Source "ChessBase"]
[SourceDate "2010.10.29"]
[SourceVersion "1"]
[SourceVersionDate "2010.10.29"]
[SourceQuality "1"]

1. e4 e5 2. Nf3 d6 3. d4 exd4 4. Nxd4 Nf6 5. f3 Nbd7 6. c4 Be7 7. Be3 0-0 8. Be2 Re8 9. Nc3 Ne5 10. Qd2 Nc6 11. Nf5 Bxf5 12. exf5 a5 13. g4 Nd7 14. g5 f6 15. h4 Nde5 16. f4 Nd7 17. 0-0-0 a4 18. h5 Nc5 19. Qd5+ Kh8 20. h6 gxh6 21. Rxh6 Bf8 22. Rxh7+ Kxh7 23. Qf7+ 1-0

[Event "Irkutsk-ch sf"]
[Site "Irkutsk"]
[Date "2010.02.23"]
[Round "4"]
[White "Kopylov, Oleg"]
[Black "Terleev, Anatoly"]
[Result "0-1"]
[WhiteElo "2006"]
[BlackElo "1727"]
[PlyCount "118"]
[EventDate "2010.02.20"]
[EventType "swiss"]
[EventRounds "7"]
[EventCountry "RUS"]
[SourceTitle "EXT 2022"]
[Source "ChessBase"]
[SourceDate "2021.10.06"]
[SourceVersion "1"]
[SourceVersionDate "2021.10.06"]
[SourceQuality "1"]

1. d4 Nf6 2. c4 d6 3. Nc3 g6 4. e4 Bg7 5. f4 Bg4 6. Qb3 Nc6 7. Be3 Bc8 8. Nf3 Ng4 9. Bg1 e5 10. fxe5 dxe5 11. d5 Nd4 12. Nxd4 exd4 13. Nb5 Qe7 14. 0-0-0 Bh6+ 15. Kb1 Ne3 16. Bxe3 dxe3 17. d6 cxd6 18. Nxd6+ Kf8 19. c5 Bg4 20. Re1 b6 21. Bc4 Be6 22. Bxe6 Qxe6 23. Qxe6 fxe6 24. Rhf1+ Ke7 25. Rf7+ Kd8 26. c6 Rc8 27. Nxc8 Kxc8 28. Rxa7 Rd8 29. Ra8+ Kc7 30. Rxd8 Kxd8 31. b4 b5 32. a4 bxa4 33. Kc2 Kc7 34. b5 Kb6 35. g3 Bg5 36. Re2 Bd8 37. Kd3 Kxb5 38. Rc2 Bc7 39. Kxe3 a3 40. Kd4 Kb4 41. Rc1 a2 42. Ra1 Kb3 43. Kc5 Kb2 44. Rf1 a1Q 45. Rxa1 Kxa1 46. Kb5 Kb2 47. Ka6 Kc3 48. Kb7 Be5 49. c7 Bxc7 50. Kxc7 Kd4 51. Kd6 e5 52. Ke6 Kxe4 53. Kf6 Kd4 54. Kg7 e4 55. Kxh7 e3 56. Kxg6 e2 57. h4 e1Q 58. h5 Qxg3+ 59. Kf5 Qg7 0-1

[Event "Irkutsk-ch Rating sf"]
[Site "Irkutsk"]
[Date "2008.05.06"]
[Round "4"]
[White "Kopylov, Oleg"]
[Black "Goriachkin, Viktor"]
[Result "1/2-1/2"]
[WhiteElo "1998"]
[BlackElo "2117"]
[PlyCount "130"]
[EventDate "2008.05.06"]
[EventType "tourn"]
[EventRounds "15"]
[EventCountry "RUS"]
[SourceTitle "EXT 2022"]
[Source "ChessBase"]
[SourceDate "2021.10.06"]
[SourceVersion "1"]
[SourceVersionDate "2021.10.06"]
[SourceQuality "1"]

1. d4 Nf6 2. c4 g6 3. Nc3 Bg7 4. e4 d6 5. Nf3 0-0 6. Be2 Nc6 7. 0-0 e5 8. d5 Ne7 9. Ne1 Ne8 10. f3 f5 11. Be3 c5 12. Nd3 f4 13. Bf2 g5 14. b4 b6 15. a4 Ba6 16. b5 Bc8 17. a5 Bb7 18. axb6 axb6 19. Rxa8 Qxa8 20. Qa4 Qb8 21. Ra1 Nc8 22. Qd1 Nf6 23. g4 fxg3 24. hxg3 Qc7 25. Be3 h6 26. Qd2 Qf7 27. Kg2 Qg6 28. Nf2 Nh5 29. g4 Nf4+ 30. Bxf4 exf4 31. Rh1 Qf6 32. Na4 Qd8 33. Bd3 Ne7 34. Bc2 Ng6 35. Rh3 Nh4+ 36. Kh2 Bc8 37. e5 Bxe5 38. Qd3 Rf7 39. Rxh4 gxh4 40. Qg6+ Rg7 41. Qxh6 Bd4 42. Ne4 Be5 43. Nf2 Bd7 44. Kh3 Bf6 45. Qxf4 Bg5 46. Qe4 Be8 47. f4 Re7 48. Qf3 Bf6 49. Ne4 Bd4 50. f5 Re5 51. Qf4 Bf7 52. Qh6 Rxe4 53. Bxe4 Qe7 54. f6 Bxf6 55. Bh7+ Kh8 56. Bg6+ Kg8 57. Qh7+ Kf8 58. Qxf7+ Qxf7 59. Bxf7 Kxf7 60. Nxb6 Ke7 61. Na4 Kd7 62. Kg2 Kc7 63. Kf3 Kb7 64. Kf4 Be5+ 65. Kf3 Bf6 1/2-1/2

[Event "Irkutsk-ch Rating sf"]
[Site "Irkutsk"]
[Date "2008.05.06"]
[Round "7"]
[White "Rozhnev, Gennady"]
[Black "Kopylov, Oleg"]
[Result "1-0"]
[WhiteElo "2120"]
[BlackElo "1998"]
[PlyCount "37"]
[EventDate "2008.05.06"]
[EventType "tourn"]
[EventRounds "15"]
[EventCountry "RUS"]
[SourceTitle "EXT 2022"]
[Source "ChessBase"]
[SourceDate "2021.10.06"]
[SourceVersion "1"]
[SourceVersionDate "2021.10.06"]
[SourceQuality "1"]

1. e4 e6 2. d4 d5 3. Nd2 Nc6 4. Ngf3 Nf6 5. e5 Nd7 6. Bd3 Nb4 7. Be2 c5 8. c3 Nc6 9. 0-0 f5 10. exf6 Qxf6 11. Nb3 c4 12. Bg5 Qf7 13. Nbd2 b5 14. Re1 Bd6 15. a4 b4 16. Nxc4 dxc4 17. Bxc4 Nb6 18. Bb5 Bd7 19. d5 1-0